Top 6 Largest Dog Breeds In The World (Hard) - Statistics

General Stats
  • This quiz has been taken 19 times
  • The average score is 2 of 6
Answer Stats
Picture Answer % Correct
Great Dane
100%
English Mastiff
44%
Irish Wolfhound
38%
Newfoundland
25%
Neapolitan Mastiff
13%
Scottish Deerhound
13%
No matching quizzes found
Score Distribution
Percent of People with Each Score
Percentile by Number Answered
Your Score History
You have not taken this quiz